Online
Catalog

Un sitio en la cumbre : (Record no. 40152)

MARC details
000 -CABECERA
campo de control de longitud fija 00522nam a2200157 a 4500
001 - NÚMERO DE CONTROL
campo de control 000040662
005 - FECHA Y HORA DE LA ÚLTIMA TRANSACCIÓN
campo de control 20201002034303.0
008 - DATOS DE LONGITUD FIJA--INFORMACIÓN GENERAL
campo de control de longitud fija 130905s1987 xxua r 000 0 spa d
040 ## - FUENTE DE LA CATALOGACIÓN
Centro catalogador/agencia de origen DO-SdBNP
Lengua de catalogación spa
Centro/agencia transcriptor BNPHU
082 ## - NÚMERO DE LA CLASIFICACIÓN DECIMAL DEWEY
Número de clasificación xxxx
Número de documento/Ítem C828u
100 1# - ENTRADA PRINCIPAL--NOMBRE DE PERSONA
Nombre de persona Cortés, Félix
9 (RLIN) 67025
245 13 - MENCIÓN DE TÍTULO
Título Un sitio en la cumbre :
Resto del título principios guiadores de la vida para la juventud /
Mención de responsabilidad, etc. Félix Cortés.
260 ## - PUBLICACIÓN, DISTRIBUCIÓN, ETC.
Lugar de publicación, distribución, etc. Florida :
Nombre del editor, distribuidor, etc. Asociación Publicadora Interamericana,
Fecha de publicación, distribución, etc. 1987.
300 ## - DESCRIPCIÓN FÍSICA
Extensión 191 p. :
Otras características físicas il. ;
Dimensiones 27 cm.
590 ## - NOTA LOCAL (RLIN)
Nota local Inventariado, 2018/
Holdings
Estado de retiro Estado de pérdida Restricciones de uso No para préstamo Código de colección Localización permanente Ubicación/localización actual Ubicación en estantería Fecha de adquisición Número de inventario Total de préstamos Signatura topográfica completa Código de barras Fecha visto por última vez Precio válido a partir de Tipo de ítem Koha Número de copia
      Excluido de préstamo Monografías: Libros y Folletos General General Depósito 05.09.2013 LF1   xxxx C828u 40662-10 25.06.2020 25.06.2020 No se presta  
      Excluido de préstamo Monografías: Libros y Folletos General General Depósito 02.05.2018 LF1   xxxx C828u 40662-20 25.06.2020 25.06.2020 No se presta e. 2

Powered by Koha